| 000 | 00509nam a2200193Ia 4500 | ||
|---|---|---|---|
| 008 | 180207s9999 xx 000 0 und d | ||
| 020 | _a439192692 | ||
| 050 | _bC623 1999 | ||
| 100 | _aClearly, Brian P. | ||
| 245 | _aWhat is a noun? : | ||
| 245 | _ba mink, a fink, a skating rink / | ||
| 245 | _cBrian P. Clearly ; illustrated by Jenya Prosmitsky. | ||
| 260 | _aNew York : | ||
| 260 | _bScholastic, | ||
| 260 | _c1999 | ||
| 300 | _aunpaged : | ||
| 300 | _bcolor illustration ; | ||
| 300 | _c23cm. | ||
| 999 |
_c355382 _d355382 |
||